Statistics for Famous Gujarati people (Blank Spaces)

Click here to take the quiz!

General Stats

  • This quiz has been taken 49 times
  • The average score is 9 of 18

Answer Stats

HintAnswer% Correct
______ Karamchand GandhiMohandas
100%
________ ModiNarendra
91%
Sardar Vallabhbhai _______Patel
91%
Dhirubhai ________Ambani
82%
Morarji _______Desai
74%
_______ Ali JinnahMuhammad
71%
_______ SarabhaiVikram
59%
Ameesha ______Patel
53%
Prachi ______Desai
44%
_______ ParekhAsha
41%
Dayanand __________Saraswati
41%
________ WilliamsSunita
35%
Azim ______Premji
32%
_____ PitrodaSam
24%
Sam _______Manekshaw
9%
Pranav ______Mistry
6%
_______ BhattEla
3%
Ardeshir _________Tarapore
3%

Score Distribution

Percentile by Number Answered

Percent of People with Each Score

Your Score History

You have not taken this quiz